Fin de semana en el paraíso : corazones de juego /

Para Luciano ese sería un fin de semana especial: iba a jugar en el campeonato intercountries de fútbol. Pero apenas llegó, le dijeron que era demasiado grande para el equipo de los chicos y demasiado chico para el equipo de los grandes. Era evidente que Faberti, el organizador, quería dejarlo afuer...

Descripción completa

Guardado en:
Autor Principal: Falconi, María Inés, 2010.
Formato: Libro
Idioma:Undetermined
Publicado: Buenos Aires : Sudamericana, 2010.
Edición:1a ed.
Series:La pluma del gato
Materias:
Etiquetas: Agregar Etiqueta
Sin Etiquetas, Sea el primero en etiquetar este registro!
LEADER 01082nam a22002175a 4500
001 CEM.cems025104
008 260409s2010####ag############000#0#und#d
005 20260410110213.0
245 1 0 |a Fin de semana en el paraíso :  |b corazones de juego /  |c María Inés Falconi, ilustraciones Virginia Piñón. 
250 |a 1a ed. 
260 |a Buenos Aires :  |b Sudamericana,  |c 2010. 
300 |a 205 p. 
490 1 |a La pluma del gato 
520 |a Para Luciano ese sería un fin de semana especial: iba a jugar en el campeonato intercountries de fútbol. Pero apenas llegó, le dijeron que era demasiado grande para el equipo de los chicos y demasiado chico para el equipo de los grandes. Era evidente que Faberti, el organizador, quería dejarlo afuera. Una auténtica injusticia, y Carla, Agus, Diego y Gonza no se iban a quedar de brazos cruzados. 
020 |a 9789500732031 
100 1 |a Falconi, María Inés,  |d 2010. 
082 0 4 |a A863.4 
653 |a Literatura Argentina 
653 |a Novelas 
653 |a Literatura juvenil 
859 |a CEMS  |b BIB. CEMS - Agricultura  |h A863.4  |i F183  |p A4036.25  |t Ej.1